| 000 | 00629nam a22001937a 4500 | ||
|---|---|---|---|
| 005 | 20180724100850.0 | ||
| 010 | _aENG-123539 | ||
| 020 |
_c850.00 _a9789386552280 |
||
| 035 | _aEN-107071 | ||
| 037 | _bDBAD/PUB | ||
| 082 | _a864 | ||
| 100 | _aSatpathy, Sumanyu | ||
| 245 |
_aWill to argue : _cby Sumanyu Satpaty _bstudies in late colonial and postcolonial controversies / |
||
| 260 |
_aNew Delhi _bPrimus Books _c2017 |
||
| 270 |
_aArakashan Road, Paharganj, _bNew Delhi _e110055 |
||
| 300 |
_ax,222p. _c24cm. (Hb) |
||
| 500 | _aIt includes index, appendix and bibliography. | ||
| 942 |
_2ddc _cEN _h864 _mSAT |
||
| 999 |
_c154657 _d154657 |
||